Visualizzazione normale
Vista MARC
- RECITAL [DISCHI]
di Topical Term
Records bibliografici associati: 5
001 - CONTROL NUMBER
- control field: 5434
003 - CONTROL NUMBER IDENTIFIER
- control field: IT-RoPau
005 - DATE AND TIME OF LATEST TRANSACTION
- control field: 20131215211820.0
008 - FIXED-LENGTH DATA ELEMENTS
- fixed length control field: 131215|| aca||aabn | a|a d
040 ## - CATALOGING SOURCE
- Original cataloging agency: IT-RoPau
- Transcribing agency: IT-RoPau
150 ## - HEADING--TOPICAL TERM
- Topical term or geographic name entry element: RECITAL [DISCHI]
- : Codice MATERIA SPICS: 9950
670 ## - SOURCE DATA FOUND
- Source citation: Work cat.: (IT-RoPau)99573: AA.VV. 794, Encore! (Lp 1135)